000 00906nam a2200289 i 4500
001 000047601
003 OSt
005 20240412074306.0
007 ta
008 180704s2017 dr 000 spa d
020 _a9789945609073
040 _aDO-SdBNP
_bspa
_cBNPHU
_erda
082 4 _aRD863.44
_bG934m
_222
100 1 _aGuerrero, Laureano,
_d1952-
_eautor
_977343
245 1 0 _aCuentos y relatos /
_cLaureano Guerrero.
264 _aSanto Domingo :
_bSantuario,
_c2017.
300 _a154 páginas
_c24 cm.
336 _2rdacontent
_atexto
_btexto
337 _2rdamedia
_asin mediación
_bn
338 _2rdacarrier
_avolumen
_bnc
500 _aIncluye datos biográficos del autor en la solapa de la cubierta.
590 _aInventariado,2018/DG
650 0 _aCuentos dominicanos
_9176
650 0 _aLiteratura dominicana.
_967
910 _aValidado. Control de calidad MFF
942 _2ddc
_cLBS1
999 _c47089
_d47089